| 000 | 00557nam a2200181Ia 4500 | ||
|---|---|---|---|
| 008 | 090124s9999 xx 000 0 und d | ||
| 082 | _b4057 | ||
| 100 | _aभावे पु. भा. | ||
| 245 | _a महाराणी पद्मिनी | ||
| 250 | _a1 | ||
| 260 |
_bभावे पु. भा. _c1971 |
||
| 300 | _a127 | ||
| 600 | _aभावे पु. भा. | ||
| 630 | _a महाराणी पद्मिनी | ||
| 700 | _aभावे पु. भा. | ||
| 730 | _a महाराणी पद्मिनी | ||
| 942 | _cBOOK | ||
| 999 |
_c83526 _d83526 |
||